• 首页
  • 本馆介绍
  • 公告通知
  • 最新文献
  • 馆藏检索
  • 电子资源
  • 读者导购
  • 参考咨询
  • 我的图书馆
  • 登录
  • 详细信息显示
  • 放入我的书架
  • 预约/预借图书
  • 作者相关作品
  • 分类相关作品
  • 丛书相关作品
  • 出版社相关作品

书目信息

  • 表格格式
  • 工作单格式
  • 卡片格式
题名:
户外运动技巧
    
 
作者: 李纲 , 张斌彬 , 王晶 编著
分册:   攀登篇
出版信息: 青岛   中国海洋大学出版社  2019.6
页数: 191页
开本: 24cm
丛书名:
单 册:
中图分类: G806 , G881
科图分类:
主题词: 体育锻炼--高等教育--教材 , 攀登 (登山运动)--高等教育--教材
电子资源:
ISBN: 978-7-5670-2190-7
000 01330nam 2200337 45
001 012001001069
005 20130910140015.0
010    @a978-7-5670-2190-7@dCNY59.00
099    @aCAL 012019124752
100    @a20190730d2019 em y0chiy0110 ea
101 0  @achi
102    @aCN@b370000
105    @aa a 000yy
106    @ar
200 1  @a户外运动技巧@Ahu wai yun dong ji qiao@i攀登篇@f李纲, 张斌彬, 王晶编著
210    @a青岛@c中国海洋大学出版社@d2019.6
215    @a191页@c图@d24cm
300    @a高等教育体育学精品教材
300    @a其他题名:攀登篇
320    @a有书目 (第191页)
330    @a本书是有关户外攀登运动技巧的运动教材, 内容涉及攀岩、登山等许多不同类型攀登活动最先进的技术与理念, 本书还收录了顶尖教练的安全建议指导, 以大量图解和实景照片生动诠释攀登技巧, 关注技术细节与可操作性, 装备、绳结、徒手攀岩、登山等。书中有详细的图解说明, 从登山技巧、恢复疲劳、补充能量等方面给予精心指导, 书中配有大量图解及照片, 注重技术细节与可操作性, 旨在为攀登学者提供实际有用的信息。
517 1  @a攀登篇
606 0  @a体育锻炼@x高等教育@j教材
606 0  @a攀登 (登山运动)@x高等教育@j教材
690    @aG806@v5
690    @aG881@v5
701  0 @a李纲@Ali gang@4编著
701  0 @a张斌彬@Azhang bin bin@4编著
701  0 @a王晶@Awang jing@4编著
801    @aCN@b江苏凤凰@c20211018
905    @b1342081-4@dG806@e869@f4
    
    户外运动技巧.攀登篇/李纲, 张斌彬, 王晶编著.-青岛:中国海洋大学出版社,2019.6
    191页:图;24cm
    高等教育体育学精品教材.-其他题名:攀登篇
    
    ISBN 978-7-5670-2190-7:CNY59.00
    本书是有关户外攀登运动技巧的运动教材, 内容涉及攀岩、登山等许多不同类型攀登活动最先进的技术与理念, 本书还收录了顶尖教练的安全建议指导, 以大量图解和实景照片生动诠释攀登技巧, 关注技术细节与可操作性, 装备、绳结、徒手攀岩、登山等。书中有详细的图解说明, 从登山技巧、恢复疲劳、补充能量等方面给予精心指导, 书中配有大量图解及照片, 注重技术细节与可操作性, 旨在为攀登学者提供实际有用的信息。
●
相关链接 在E读中查询图书 在五车中查询图书 在当当中查询图书 在豆瓣中查询图书


正题名:户外运动技巧     索取号:G806/869         预约/预借

序号 登录号 条形码 馆藏地/架位号 状态 备注
1 1342081   213420813   第一样本阅览室/ [索取号:G806/869] 在馆    
2 1342082   213420822   第四借阅区/ [索取号:G806/869] 在馆    
3 1342083   213420831   第四借阅区/ [索取号:G806/869] 在馆    
4 1342084   213420840   第四借阅区/ [索取号:G806/869] 在馆    
唐山师范学院图书馆 欢迎您!
大连网信软件有限公司© 版权所有